Just a glitch? (Record no. 84318)

MARC details
000 -LEADER
fixed length control field 00623cab a22001935a 4500
001 - CONTROL NUMBER
control field L157288
008 - FIXED-LENGTH DATA ELEMENTS--GENERAL INFORMATION
fixed length control field 121010e20120203xxkd f 000 0 eng d
035 ## - SYSTEM CONTROL NUMBER
System control number (Sirsi) u157288
041 0# - LANGUAGE CODE
Language code of text/sound track or separate title eng
100 1# - MAIN ENTRY--PERSONAL NAME
Personal name Withers, Iain
245 00 - TITLE STATEMENT
Title Just a glitch?
260 ## - PUBLICATION, DISTRIBUTION, ETC.
Date of publication, distribution, etc. 2012
490 #0 - SERIES STATEMENT
Series statement Building
Volume/sequential designation 277 (8747) 5 October 2012, 20-21(2)
520 ## - SUMMARY, ETC.
Summary, etc. Discusses problems with BIM - the high cost is preventing small firms from adopting BIM, the monopoly of software giant Autodesk, and the difficulties of getting supply chains to use it.
590 ## - LOCAL NOTE (RLIN)
Local note KA
651 #4 - SUBJECT ADDED ENTRY--GEOGRAPHIC NAME
Geographic name United Kingdom
Chronological subdivision
690 ## - LOCAL SUBJECT ADDED ENTRY--TOPICAL TERM (OCLC, RLIN)
Topical term or geographic name as entry element BIM
9 (RLIN) 6219
942 ## - ADDED ENTRY ELEMENTS (KOHA)
Suppress in OPAC 0
Holdings
Withdrawn status Lost status Source of classification or shelving scheme Damaged status Not for loan Home library Current library Shelving location Date acquired Total Checkouts Full call number Barcode Date last seen Copy number Price effective from Koha item type
    Dewey Decimal Classification     London London Journal article 10/10/2012   L157288 157288-1001 06/08/2019 1 06/08/2019 Journal article